¿Cómo? ¿Cuándo? ¿Por qué? : (Record no. 166786)
[ view plain ]
| 000 -CABECERA | |
|---|---|
| campo de control de longitud fija | 00717nam a2200193 a 4500 |
| 005 - FECHA Y HORA DE LA ÚLTIMA TRANSACCIÓN | |
| campo de control | 20210223132246.0 |
| 008 - ELEMENTOS DE LONGITUD FIJA--INFORMACIÓN GENERAL | |
| campo de control de longitud fija | 131210s2008 mx r 000 0 spa d |
| 020 ## - NÚMERO INTERNACIONAL NORMALIZADO PARA LIBROS | |
| Número Internacional Estándar del Libro | 9781407562858 |
| 035 ## - NÚMERO DE CONTROL DEL SISTEMA | |
| Número de control de sistema | UPN01000194685 |
| 049 ## - COLECCIÓN | |
| Colección | C |
| 050 #4 - SIGNATURA TOPOGRÁFICA DE LA BIBLIOTECA DEL CONGRESO | |
| Número de clasificación | AG196 S6 |
| Número de documento/Ítem | S6.3 |
| 100 1# - ASIENTO PRINCIPAL--NOMBRE PERSONAL | |
| Nombre de persona | Spilsbury, Louise |
| 9 (RLIN) | 35091 |
| 245 11 - MENCIÓN DE TÍTULO | |
| Título | ¿Cómo? ¿Cuándo? ¿Por qué? : |
| Resto del título | preguntas y respuestas de cultura general / |
| Mención de responsabilidad, etc. | Louise Spilsbury ; tr. Anna Aspeto Massachs. |
| 260 ## - PUBLICACIÓN, DISTRIBUCIÓN, ETC. | |
| Lugar de publicación, distribución, etc. | [Indonesia] : |
| Nombre del editor, distribuidor, etc. | Parragón, |
| Fecha de publicación, distribución, etc. | c2008. |
| 300 ## - DESCRIPCIÓN FÍSICA | |
| Extensión | 224 p. : |
| Otras características físicas | il. col. |
| 500 ## - NOTA GENERAL | |
| Nota general | "El cuerpo humano, la Tierra, el espacio, pueblos, lugares, ciencia, los seres vivos, animales, dinosaurios, plantas" |
| 650 #4 - ASIENTO SECUNDARIO DE MATERIA - TERMINO TEMATICO | |
| Término de materia o nombre geográfico como elemento de entrada | PREGUNTAS Y RESPUESTAS |
| 9 (RLIN) | 5370 |
| 905 ## - TIPO DE MATERIAL | |
| Tipo de material | Libro |
| Estado de retiro | Estado de pérdida | Fuente del sistema de clasificación o colocación | Estado dañado | No para préstamo | Código de colección | Localización permanente | Ubicación/localización actual | Ubicación en estantería | Total de préstamos | Clasificación | Código de barras | Fecha visto por última vez | Número de copia | Tipo de ítem Koha |
|---|---|---|---|---|---|---|---|---|---|---|---|---|---|---|
| Library of Congress Classification | Consulta | Consulta | Bib. Gregorio Torres Quintero | Bib. Gregorio Torres Quintero | Sala de lectura Sótano | AG196 S6 S6.3 | 294058 | 31/12/2020 | 1 | Libro |
